Größte Städte in Afrika - Statistiken

Allgemein
  • Dieses Quiz wurde 112 mal gespielt
  • Das Durchschnittsergebnis liegt bei 11 aus 20
Antwortstatistiken
Einwohner in Mio. Stadt % Korrekt
22,18 Kairo
99%
4,89 Kapstadt
93%
6,2 Johannesburg
88%
15,95 Lagos
88%
16,32 Kinshasa
82%
5,33 Nairobi
81%
5,59 Alexandria
69%
9,29 Luanda
68%
3,89 Casablanca
64%
5,46 Addis Abeba
61%
6,34 Khartum
57%
7,78 Dar es Salaam
50%
3,85 Kampala
44%
5,69 Abidjan
41%
4,51 Jaunde
39%
4,35 Kano
26%
3,87 Antananarivo
24%
3,88 Ibadan
17%
4,06 Duala
6%
4,12 Ekurhuleni
1%
Keine übereinstimmenden Quizze gefunden
Verteilung der Resultate
Anzahl Personen mit jedem Resultat
Perzentil nach korrekt beantworteten Fragen
Ihre Resultats-Entwicklung
Sie haben dieses Quiz noch nicht gespielt